| 000 | 00326 a2200133 4500 | ||
|---|---|---|---|
| 001 | 54222 | ||
| 082 | _a530 YOU | ||
| 090 |
_c33811 _d33811 |
||
| 100 | _aYoung,Hugh.D | ||
| 245 |
_aSears and Zemansky's University Physics 11th Ed _hEnglish |
||
| 250 | _a11 | ||
| 260 |
_aIslamabad _bNational Book Foundation |
||
| 300 | _a1800p | ||
| 942 |
_aNUST-CAE _k530 YOU |
||
| 999 |
_c289295 _d289295 |
||